00266nam a2200097 a 450000500170000000800410001724500540005826000260011299900170013804000130015520200930070648.0110915s1927 000 spa d 0aConflicto permanente entre el error y la razón. aSanto Domingo,c1927. c33454d33454 aDO-SdBNP